| 000 | 00419nam a22001577a 4500 | ||
|---|---|---|---|
| 005 | 20250224170215.0 | ||
| 008 | 250224b |||||||| |||| 00| 0 eng d | ||
| 020 | _a9780800794354 | ||
| 050 |
_aBT 738.W 25 WAG _b1 |
||
| 100 | _aWAGNER, C. Peter | ||
| 245 |
_aDominion: _bHow kingdom action can change the world |
||
| 260 |
_aMichigan _bChosen _c2008 |
||
| 300 | _a222p | ||
| 500 | _ascripture index | ||
| 942 |
_2lcc _cBK _n0 |
||
| 999 |
_c4265 _d4265 |
||